000 00588nam a22002177a 4500
003 NUST-PNEC
005 20170116180832.0
008 140527b xxu||||| |||| 00| 0 eng d
020 _a9780070634169
020 _a0070634165
040 _cLIBRARY
082 _a519.4024 CHA
100 _964
_aChapra, Steven C.
245 _aNumerical methods for engineers
_cSteven C. Chapra
250 _a5th ed.
260 _aNew Dehli
_bMcGraw-Hill
_cc.2007
300 _a773 p. :
_bill. :
_c25 cm.
648 _94682
_aNumerical calculation, data processing
650 _xME
942 _2ddc
_cBK
999 _c64048
_d64048